Witamy w Bibliotece Naukowej Instytutu Łączności!

Kompatybilność elektromagnetyczna (EMC) - Część 4-14: Metody badań i pomiarów - Badanie odporności na wahania napięcia PN-EN 61000-4-14:2002/A1:2006P / (Rekord nr 21212)

000 -LEADER
fixed length control field 01513nam a2200265 i 4500
001 - CONTROL NUMBER
control field vtls000851458
003 - CONTROL NUMBER IDENTIFIER
control field NUKAT
005 - DATE AND TIME OF LATEST TRANSACTION
control field 20220207100200.0
008 - FIXED-LENGTH DATA ELEMENTS--GENERAL INFORMATION
fixed length control field 070219s2006 pl f u |000 0 pol c
035 ## - SYSTEM CONTROL NUMBER
System control number zz2007942961
039 #9 - LEVEL OF BIBLIOGRAPHIC CONTROL AND CODING DETAIL [OBSOLETE]
Level of rules in bibliographic description 200905270851
Level of effort used to assign nonsubject heading access points kopumk
Level of effort used to assign subject headings 200703010530
Level of effort used to assign classification kopumk
Level of effort used to assign subject headings 200702210116
Level of effort used to assign classification VLOAD
Level of effort used to assign subject headings 200702201317
Level of effort used to assign classification qbo
040 ## - CATALOGING SOURCE
Original cataloging agency POZN 31/HS
Transcribing agency POZN 31/HS
Modifying agency POZN 31/MK
099 #0 - LOCAL FREE-TEXT CALL NUMBER (OCLC)
Classification number toHS849
245 00 - TITLE STATEMENT
Title Kompatybilność elektromagnetyczna (EMC) - Część 4-14: Metody badań i pomiarów - Badanie odporności na wahania napięcia PN-EN 61000-4-14:2002/A1:2006P /
Statement of responsibility, etc Polski Komitet Normalizacyjny.
246 30 - VARYING FORM OF TITLE
Title proper/short title PN-EN 61000-4-14:2002/A1
246 13 - VARYING FORM OF TITLE
Title proper/short title Electromagnetic compatibility (EMC) - Part 4-14: Testing and measurement techniques - Voltage fluctuation immunity test (IEC 61000-4-14: 1999/A1: 2001)
260 ## - PUBLICATION, DISTRIBUTION, ETC. (IMPRINT)
Place of publication, distribution, etc Warszawa :
Name of publisher, distributor, etc Polski Komitet Normalizacyjny,
Date of publication, distribution, etc 2006.
300 ## - PHYSICAL DESCRIPTION
Extent 4 s. ;
Dimensions 30 cm.
336 ## - TYP ZAWARTOŚCI
Typ zawartosci Tekst
-- txt
-- rdacontent
337 ## - TYP MEDIUM
Typ medium Bez urządzenia pośredniczącego
-- n
-- rdamedia
338 ## - TYP NOŚNIKA
Typ nosnika Wolumin
-- nc
-- rdacarrier
500 ## - GENERAL NOTE
General note Niniejsza zmiana do normy jest polską wersją Zmiany do Normy Europejskiej EN 61000-4-14: 1999/A1: 2004. Została ona przetłumaczona przez Polski Komitet Normalizacyjny i ma ten sam status co wersje oficjalne.
500 ## - GENERAL NOTE
General note Zmiana do Polskiej Normy.
590 ## - LOCAL NOTE (RLIN)
Local note Wprowadza EN 61000-4-14: 1999/A1: 2004, IDT, IEC 61000-4-14: 1999/A1: 2001, IDT ; Zatwierdzona przez Prezesa PKN dnia 18 września 2006 r.
710 1# - ADDED ENTRY--CORPORATE NAME
Corporate name or jurisdiction name as entry element Polska.
Subordinate unit Polski Komitet Normalizacyjny.
9 (RLIN) 1107
942 ## - ADDED ENTRY ELEMENTS (KOHA)
Source of classification or shelving scheme
Koha item type Książki
Egzemplarze
Withdrawn status Lost status Source of classification or shelving scheme Damaged status Not for loan Permanent Location Current Location Shelving location Date acquired Inventory number Full call number Barcode Date last seen Price effective from Koha item type Public note
        Nie do wypożyczenia Instytut Łączności Instytut Łączności Księgozbiór Podręczny 2018-01-31 PN-EN 61000-4-14:2002/A1 PN-EN 61000-4-14:2002/A1 PN-EN 61000-4-14:200 2018-01-31 2018-01-31 Książki print, aktualna

Działa dzięki Koha